The Lessons of history (Record no. 10687)
[ view plain ]
| 000 -LEADER | |
|---|---|
| fixed length control field | 00338 a2200133 4500 |
| 082 ## - DEWEY DECIMAL CLASSIFICATION NUMBER | |
| Classification number | 901.9 |
| 090 ## - LOCALLY ASSIGNED LC-TYPE CALL NUMBER (OCLC); LOCAL CALL NUMBER (RLIN) | |
| -- | 6865 |
| -- | 6865 |
| 100 ## - MAIN ENTRY--PERSONAL NAME | |
| Personal name | Will, Ariel Durant |
| 245 ## - TITLE STATEMENT | |
| Title | The Lessons of history |
| Statement of responsibility, etc. | will, Ariel Durant |
| 260 ## - PUBLICATION, DISTRIBUTION, ETC. | |
| Place of publication, distribution, etc. | New York |
| Name of publisher, distributor, etc. | Simon and Schuster |
| Date of publication, distribution, etc. | 1968 |
| 300 ## - PHYSICAL DESCRIPTION | |
| Extent | 117p. |
| Dimensions | 25cm. |
| 655 ## - INDEX TERM--GENRE/FORM | |
| Genre/form data or focus term | includes indes. |
| 942 ## - ADDED ENTRY ELEMENTS (KOHA) | |
| Koha item type | Book |
| Call number prefix | 901.9 WIL |
| Withdrawn status | Lost status | Damaged status | Not for loan | Permanent Location | Current Location | Date acquired | Total Checkouts | Total Renewals | Full call number | Barcode | Checked out | Date last seen | Date last checked out | Price effective from | Koha item type |
|---|---|---|---|---|---|---|---|---|---|---|---|---|---|---|---|
| Central Library (CL) | Central Library (CL) | 04/14/2022 | 4 | 4 | 901.9 WIL | SEECSD00423 | 05/08/2026 | 04/08/2026 | 04/08/2026 | 11/14/2012 | Book |
